<?xml version="1.0" encoding="UTF-8"?>
<record
    xmlns:xsi="http://www.w3.org/2001/XMLSchema-instance"
    xsi:schemaLocation="http://www.loc.gov/MARC21/slim http://www.loc.gov/standards/marcxml/schema/MARC21slim.xsd"
    xmlns="http://www.loc.gov/MARC21/slim">

  <leader>00529    a2200181   4500</leader>
  <datafield tag="952" ind1=" " ind2=" ">
    <subfield code="0">0</subfield>
    <subfield code="1">0</subfield>
    <subfield code="2">ddc</subfield>
    <subfield code="4">0</subfield>
    <subfield code="7">0</subfield>
    <subfield code="8">TOURISM</subfield>
    <subfield code="a">MES</subfield>
    <subfield code="b">MES</subfield>
    <subfield code="c">TOURISM </subfield>
    <subfield code="d">2022-11-14</subfield>
    <subfield code="e">55</subfield>
    <subfield code="g">187.50</subfield>
    <subfield code="l">0</subfield>
    <subfield code="o">647.94 CHA/T</subfield>
    <subfield code="p">41986</subfield>
    <subfield code="r">2022-11-14 00:00:00</subfield>
    <subfield code="t">1</subfield>
    <subfield code="v">250.00</subfield>
    <subfield code="w">2022-11-14</subfield>
    <subfield code="y">BK</subfield>
    <subfield code="z">U2R3</subfield>
  </datafield>
  <datafield tag="952" ind1=" " ind2=" ">
    <subfield code="0">0</subfield>
    <subfield code="1">0</subfield>
    <subfield code="2">ddc</subfield>
    <subfield code="4">0</subfield>
    <subfield code="7">0</subfield>
    <subfield code="8">TOURISM</subfield>
    <subfield code="a">MES</subfield>
    <subfield code="b">MES</subfield>
    <subfield code="c">TOURISM </subfield>
    <subfield code="d">2022-11-14</subfield>
    <subfield code="e">55</subfield>
    <subfield code="g">187.50</subfield>
    <subfield code="l">0</subfield>
    <subfield code="o">647.94 CHA/T</subfield>
    <subfield code="p">41987</subfield>
    <subfield code="r">2022-11-14 00:00:00</subfield>
    <subfield code="t">2</subfield>
    <subfield code="v">250.00</subfield>
    <subfield code="w">2022-11-14</subfield>
    <subfield code="y">BK</subfield>
    <subfield code="z">U2R3</subfield>
  </datafield>
  <datafield tag="952" ind1=" " ind2=" ">
    <subfield code="0">0</subfield>
    <subfield code="1">0</subfield>
    <subfield code="2">ddc</subfield>
    <subfield code="4">0</subfield>
    <subfield code="7">0</subfield>
    <subfield code="8">TOURISM</subfield>
    <subfield code="a">MES</subfield>
    <subfield code="b">MES</subfield>
    <subfield code="c">TOURISM </subfield>
    <subfield code="d">2022-11-14</subfield>
    <subfield code="e">55</subfield>
    <subfield code="g">187.50</subfield>
    <subfield code="l">0</subfield>
    <subfield code="o">647.94 CHA/T</subfield>
    <subfield code="p">41988</subfield>
    <subfield code="r">2022-11-14 00:00:00</subfield>
    <subfield code="t">3</subfield>
    <subfield code="v">250.00</subfield>
    <subfield code="w">2022-11-14</subfield>
    <subfield code="y">BK</subfield>
    <subfield code="z">U2R3</subfield>
  </datafield>
  <datafield tag="999" ind1=" " ind2=" ">
    <subfield code="c">41802</subfield>
    <subfield code="d">41802</subfield>
  </datafield>
  <controlfield tag="003">OSt</controlfield>
  <controlfield tag="005">20221114122815.0</controlfield>
  <controlfield tag="008">221114b           ||||| |||| 00| 0 eng d</controlfield>
  <datafield tag="020" ind1=" " ind2=" ">
    <subfield code="a">9788123923505</subfield>
  </datafield>
  <datafield tag="040" ind1=" " ind2=" ">
    <subfield code="c">oclc</subfield>
  </datafield>
  <datafield tag="082" ind1=" " ind2=" ">
    <subfield code="a">647.94</subfield>
    <subfield code="b">CHA/T</subfield>
  </datafield>
  <datafield tag="100" ind1=" " ind2=" ">
    <subfield code="9">9304</subfield>
    <subfield code="a">Chakravarti, B K</subfield>
  </datafield>
  <datafield tag="245" ind1=" " ind2=" ">
    <subfield code="a">Technical guide to hotel operation  /</subfield>
    <subfield code="c">B K Chakravarti.</subfield>
  </datafield>
  <datafield tag="250" ind1=" " ind2=" ">
    <subfield code="a">2nd ed.,</subfield>
  </datafield>
  <datafield tag="260" ind1=" " ind2=" ">
    <subfield code="a">Newv Delhi:</subfield>
    <subfield code="b">CBS Publishers,</subfield>
    <subfield code="c">2014.</subfield>
  </datafield>
  <datafield tag="300" ind1=" " ind2=" ">
    <subfield code="a">210 pages</subfield>
  </datafield>
  <datafield tag="942" ind1=" " ind2=" ">
    <subfield code="2">ddc</subfield>
    <subfield code="c">BK</subfield>
    <subfield code="h">647.94</subfield>
    <subfield code="i">CHA/T</subfield>
    <subfield code="k">647.94</subfield>
    <subfield code="m">CHA/T</subfield>
  </datafield>
</record>
